01178nam a2200349 a 450000100060000000300090000600500170001500600150003200800410004701600430008801700540013102000150018503500210020004000280022108000150024908200150026410000370027924500300031624600420034626000370038830000170042549000450044265000230048770000250051092600450053592700130058094200120059395600080060598000610061399900170067495201370069124718CO-ViMGA20230915232014.0bimo0000337862141112s2004 ck r 000 u spa d abimoBNE19930644060 CEN920155732 SpMaBN aB 21913 - 1991 Oficina Depósito Legal Barcelona a847905123X a(OCoLC)435355949 aCO-ViMGAbspacCO-ViMGA a087.5 : 8204a823.8 C66t1 aConrad, Joseph 1857 - 19249129510aTifón / cJoseph Conrad aEl Prisionero de Zenda / Anthony Hope a[Barcelona?] Euroliber D.L. 1991 a123 p. 20 cm aColección Biblioteca contemporanea, 4114aAventuras - novela1 aHope, Anthony936874 aBNMADRID SG_RECOLET 9/92980 FONDO_MODE 1 aBNALCALA 2ddccBK a1 2 a852. 40 M - BN BNMADRID MO02038626 9/92980 DG SG_RECOLET c32523d32523 00102ddc40708003aMEVIECARbMEVIECARd2015-12-04h05/mar/2013l0o823.8 C66t p25545r2015-12-04 00:00:00tEj. 1w2015-12-04yBK